000 00430nam a2200181Ia 4500
003 0100
008 130303s9999 xx 000 0 und d
040 _cARRUPELIB
050 _aBL2400.M3831975
100 _aMbiti, John S
245 _aIntroduction to African Religion
250 _asecond revised edition
260 _aNairobi
260 _bEast African publishers LTD
260 _C1975
300 _a216p
942 0 0 _095
999 _c29554
_d29554